00783nam a2200229Ia 4500003000900000008004100009040001300050040001300063041000800076100001900084245001200103250001100115260001400126260000900140300001000149490002700159490000700186600014000193942000700333999001700340952019600357IT-RoPAU120407s9999 xx 000 0 und d aIT-RoPAU cIT-RoPAU aita aWalter Burkert aI Greci aMilano aJaca Book c1984 c24 cm aStoria delle religioni v18 a"1° v. Preistoria, epoca minoico-micenea, secoli bui. (sino al sec. IX) pagg.175 2° v. Età arcaica, età classica. (Sec. IX - IV)" cBK c23076d23076 00102ddc406290_98200000000000071aPAULUSbPAULUSd2012-04-11l0o290.982r2012-04-11 00:00:00w2012-04-11yBKzInserito da: Jole In data: 22 luglio 2011 fondo: Via A.Severo 56 Progr:10951